Celebration of awareness : a call for institutional revolution
Αποθηκεύτηκε σε:
| Κύριος συγγραφέας: | |
|---|---|
| Άλλοι συγγραφείς: | |
| Μορφή: | Βιβλίο |
| Γλώσσα: | English |
| Δημοσίευση: |
Garden City, N.Y. :
Ancor Books ; Doubleday,
1971.
|
| Θέματα: | |
| Ετικέτες: |
Προσθήκη ετικέτας
Δεν υπάρχουν, Καταχωρήστε ετικέτα πρώτοι!
|
MARC
| LEADER | 00000cam a2200000 a 4500 | ||
|---|---|---|---|
| 001 | 1/113765 | ||
| 008 | 170504s1971####nyu| ||| |||| ||eng|| | ||
| 040 | |a GR-MyUa |b gre |c GR-MyUa |e AACR2 | ||
| 041 | 0 | |a eng | |
| 082 | 7 | |a 303.4 |2 (23) | |
| 100 | 1 | |a Illich, Ivan, |d 1926-2002. | |
| 245 | 1 | 0 | |a Celebration of awareness : |b a call for institutional revolution / |c [by] Ivan D. Illich ; introduction by Erich Fromm. |
| 260 | |a Garden City, N.Y. : |b Ancor Books ; |b Doubleday, |c 1971. | ||
| 300 | |a 189 σ. ; |c 22 εκ. | ||
| 650 | 0 | |a Social change | |
| 700 | 1 | |a Fromm, Erich, |d 1900-1980, |e aui | |
| 852 | |a INST |b LESVOS |e 20170504 |h 303.4 ILL |p 005100059098 |q 005100059098 |t BK |y 0 | ||
| 970 | |a Τζαφέρη |b Ευαγγελία |z 04-05-2017 | ||